01508nam a2200265Ia 4500001000600000003000900006008004100015040001300056040001300069041001300082100002300095100002900118245001700147245001700164250001100181260001000192260000900202260004900211300005700260500082400317650002401141650003101165700001701196700002901213B3125IT-RoPAU130308s9999 xx 000 0 und d aIT-RoPAU cIT-RoPAU aFRANCESE aChabrol Jean Louis gCodice Aut. SPICS: 37437 aZapping (Le) bZapping (Le) a1a ed. aPARIS bCNET c1991 [1° Ed.:1991 - Ed.Ling.Originale:1991] a"192 p. (prefazione: no ; testo: 192 [pagine: 0-0])" aDall'Offerta di programma Alla Ricezione: Televisione Anni 90, Cultura Televisiva, Televisione Individuo e gruppo Domestico. Studi Sulla Televisione e problematiche Dello Zapping: Visione Strumentale Dello Zapping, Rapporto Telespettatore e Programmi, Zapping e Creazione Televisiva, Zapping e Pubblicità. Lavori Anteriori Sullo Zapping: Lavori Empirici a partire Dall'Osservazione, Sondaggi. Dimensioni Dello Zapping: Dall'Audience Allo Zapping, Descrivere e Interpretare. Zapping in Famiglia: Frequenza e Durata delle sequenze di Ascolto, Dimensione Temporale Dello Zapping, Fattori Socio Economici e di Equipaggiamento, Tipologia dei Focolari Secondo Lo Zapping, Effettispecifici delle variabili Esplicative. profili Individuali. Zapping, programmi e Canali: Zapping e Pubblicità, Zapping e Canali. Bibliografia. aTEORICHE TELEVISIVE eCodice materia Spics: 6955 aPerin Pascal gCodice Aut. SPICS: 37321